Responses for show #4293 - Wednesday, April 9, 2003

Contestants

Doris Click, a high school Spanish teacher from Durham, North Carolina

Carla Bradford, a mom and part-time graduate student from Bedford, Massachusetts

Bruce Janger, a retired attorney from Santa Monica, California (whose 1-day cash winnings total $22,401)

Jeopardy! Round responses

THE 21st CENTURY
WHAT'S COOKING?
DECODE THE PERSONAL AD
OSCAR-WINNING SONGS
FUN WITH COUNTRY NAMES
RHYMES WITH MOUSE
    $200 7
John F. Kennedy

Bruce
    $200 6
poached

Bruce
    $200 18
single

Carla
    $200 1
Bob Dylan

Bruce
    $200 12
South Africa and/or North Korea & South Korea

Triple Stumper
    $200 13
spouse

Bruce
    $400 8
FBI

Bruce
    $400 20
apple

Doris
    $400 19
(Bruce: What is African-American?)

Asian

BruceDoris
    $400 2
Working Girl

Bruce
    $400 26
Iceland & Ireland

Triple Stumper
    $400 14
douse

Bruce
    $600 9
(Doris: Who is Rodin?)

Pablo Picasso

Doris
Triple Stumper
    $600 21
radicchio

Doris
    $600 24
proportional

Carla
    $600 3
"Born Free"

Bruce
    $1,600 27
(Doris: What is Monaco?)

Saudi Arabia (the House of Saud)

Doris
    $600 15
blouse

Bruce
    $800 10
McCall's

Carla
    $800 22
(Carla: What is a fish?)

potato

Carla
Triple Stumper
    $800 25
(Alex: Minute to go now.)

long-term relationship

Doris
    $800 4
"Three Coins in the Fountain"

Bruce
    $800 28
San Marino

Bruce
    $800 16
House

Bruce
    $1000 11
China

Bruce
    $1000 23
fluted

Carla
    $1000 30
non-smoking, non-drinking

Carla
    $1000 5
Lerner and Loewe

Doris
    $1000 29
Suriname

Carla
    $1000 17
(Carla: What is a titmouse?)

grouse

BruceCarla

Scores at the first commercial break (after clue 15):

Bruce Carla Doris
$5,000 $800 $400

Scores at the end of the Jeopardy! Round:

Bruce Carla Doris
$7,200 $2,800 $1,000

Double Jeopardy! Round responses

PRESIDENTIAL NICKNAMES
RECENT MOVIE REVIEWS
I, KANT
BELIEVE
EYE 8
THE "HOLE" THING
    $400 6
Bill Clinton

Bruce
    $400 1
Divine Secrets of the Ya-Ya Sisterhood

Doris
    $400 26
Russia

Doris
    $400 21
Buddhism

Bruce
    $400 16
octopus

Carla
    $400 11
in a round hole

Bruce
    $800 7
Ronald Reagan

Carla
    $800 2
Punch-Drunk Love

Bruce
    $800 30
Critique

Carla
    $800 22
Christianity

Doris
    $800 17
cross

Carla
    $800 12
watering hole

Bruce
    $1200 8
Andrew Jackson

Bruce
    $1200 3
Sweet Home Alabama

Bruce
    $1200 27
a priori

Doris
    $1200 23
Islam

Doris
    $1200 18
Hot Springs

Bruce
    $600 13
Jackson Hole

Bruce
    $1600 9
Grover Cleveland

Triple Stumper
    $1600 4
8 Mile

Bruce
    $1600 28
David Hume

Triple Stumper
    $1600 24
Baha'i Faith

Triple Stumper
    $1600 19
Eight Men Out

Bruce
    $1600 14
Woods Hole

Doris
    $2000 10
(Carla: Who is Grover Cleveland?)

William McKinley

Carla
Triple Stumper
    $2000 5
Swept Away

Bruce
    $2000 29
categorical

Triple Stumper
    $4,000 25
(Doris: What is Shintoism?)

Sikhism

Doris
    $2000 20
Ashcan School

Triple Stumper
    $2000 15
black holes

Bruce

Scores at the end of the Double Jeopardy! Round:

Bruce Carla Doris
$21,400 $3,600 $2,600
(lock game)

[wagering suggestions for these scores]

Final Jeopardy! Round responses

20th CENTURY WORDS
DorisWhat is an anchor?
$500
CarlaWhat is an anchor?
$3,600
BruceWhat is an anchorman?
$3,600
anchorman

Final scores:

Bruce Carla Doris
$25,000 $7,200 $3,100
2-day champion: $47,401 2nd place: $2,000 3rd place: $1,000

Game dynamics:

Coryat scores:

Bruce Carla Doris
$22,000 $3,600 $8,200
27 R
(including 1 DD),
1 W
10 R,
3 W
11 R,
3 W
(including 2 DDs)

Combined Coryat: $33,800

The J! Archive is created by fans, for fans. The Jeopardy! game show and all elements thereof, including but not limited to copyright and trademark thereto, are the property of Jeopardy Productions, Inc. and are protected under law. This website is not affiliated with, sponsored by, or operated by Jeopardy Productions, Inc. Join the discussion at JBoard.tv.